[Event "Weymouth Major op"]
[Site "Weymouth"]
[Date "2008.10.26"]
[Round "4"]
[White "Farthing, Andrew"]
[Black "Wallace, Mark D"]
[Result "1/2-1/2"]
[WhiteElo "1576"]
[BlackElo "1680"]
[PlyCount "41"]
[EventDate "2008.10.24"]
[EventType "swiss"]
[EventRounds "5"]
[EventCountry "ENG"]
[SourceTitle "EXT 2011"]
[Source "ChessBase"]
[SourceDate "2010.11.26"]
[SourceVersion "1"]
[SourceVersionDate "2010.11.26"]
[SourceQuality "1"]

1. Nc3 c5 2. e4 Nc6 3. g3 g6 4. Bg2 Bg7 5. d3 d6 6. Nge2 Nf6 7. 0-0 0-0 8. Be3 e5 9. Qd2 Nd4 10. Bg5 Be6 11. Nxd4 cxd4 12. Nd5 Bxd5 13. exd5 Qb6 14. Bxf6 Bxf6 15. c4 dxc3 16. bxc3 Bg7 17. Rab1 Qc7 18. c4 b6 19. Qb4 Qd7 20. a4 Qc7 21. Qb5 1/2-1/2

[Event "Weymouth Major op"]
[Site "Weymouth"]
[Date "2008.10.25"]
[Round "3"]
[White "Wallace, Mark D"]
[Black "Wood, Peter R"]
[Result "0-1"]
[WhiteElo "1680"]
[BlackElo "1752"]
[PlyCount "82"]
[EventDate "2008.10.24"]
[EventType "swiss"]
[EventRounds "5"]
[EventCountry "ENG"]
[SourceTitle "EXT 2011"]
[Source "ChessBase"]
[SourceDate "2010.11.26"]
[SourceVersion "1"]
[SourceVersionDate "2010.11.26"]
[SourceQuality "1"]

1. e4 e6 2. d4 d5 3. Nc3 Nf6 4. e5 Nfd7 5. f4 c5 6. Nf3 Nc6 7. Be3 cxd4 8. Nxd4 Bc5 9. Qd2 0-0 10. 0-0-0 a6 11. Kb1 Nxd4 12. Bxd4 b5 13. Qe3 Qb6 14. g3 Bxd4 15. Qxd4 Bb7 16. Bh3 Qxd4 17. Rxd4 g6 18. Ne4 dxe4 19. Rxd7 Bd5 20. Re1 Rfd8 21. Rxd8+ Rxd8 22. b3 Kg7 23. Kc1 f5 24. exf6+ Kxf6 25. Bg2 Kf5 26. Re3 e5 27. Bh3+ Kf6 28. fxe5+ Kxe5 29. c3 Rf8 30. Kd2 g5 31. Re1 Rd8 32. Ke3 h6 33. Rd1 Rd6 34. Rd4 Rc6 35. Kd2 Rf6 36. Ke2 Rf3 37. Rd2 Rxc3 38. Bg2 b4 39. Rd1 Rc2+ 40. Rd2 Rxd2+ 41. Kxd2 e3+ 0-1